000 00383nam a2200157Ia 4500
008 230312s9999||||xx |||||||||||||| ||und||
020 _a81-203-3828-9
082 _a621.319
_bHAM-E
100 _aHambley;Allan.R
245 0 _aElectrical Engineering
260 _bPHI
_aIndia
_c2009
300 _a880
546 _aEng.
650 _aEngineering
_vElectrical Engineering
942 _cBK
999 _c7787
_d7787